00317nam a2200109Ia 450000500170000000800410001710000220005824500690008026000170014930000110016665000300017720260328104310.0260328s9999||||xx |||||||||||||| ||und|| aZuluaga, Conrado  0aNo morire del todo ; Gabriel Garcia Márquez /cConrado Zuluaga bLuna Libros  a244 p. aGabriel Garcia Márquez